The 12 Olympian Gods - Statistics

General Stats
  • This quiz has been taken 25 times
  • The average score is 10 of 12
Answer Stats
Answer % Correct
Zeus
100%
Ares
92%
Athena
92%
Aphrodite
88%
Hera
88%
Poseidon
88%
Apollo
83%
Artemis
83%
Hermes
79%
Demeter
75%
Dionysus
67%
Hephaestus
67%
No matching quizzes found
Score Distribution
Percent of People with Each Score
Percentile by Number Answered
Your Score History
You have not taken this quiz